000 00486nam a22001937a 4500
003 OSt
005 20140310182800.0
008 130213t xxu||||| |||| 00| 0 eng d
020 _a186152045x
050 _aG 155.A1
_bL959 1997
100 _aLumsdon, Les
245 _aTourism marketing /
_cLumsdon, Les.
260 _aLondon :
_bInternational Thomson Business Press,
_c1997.
300 _a290 p. :
_c22 cm.
521 _aEDU
562 _e1
942 _2lcc
_cBK
999 _c15967
_d15967